Central Library OPAC University of Rajshahi

Instrumental methods of analysis / (Record no. 72243)

MARC details
000 -LEADER
fixed length control field 00779nam a2200229 a 4500
001 - CONTROL NUMBER
control field 72243
003 - CONTROL NUMBER IDENTIFIER
rucl marc code BD-RjUL
005 - DATE AND TIME OF LATEST TRANSACTION
control field 20211209082231.0
008 - FIXED-LENGTH DATA ELEMENTS--GENERAL INFORMATION
fixed length control field 170516r19601958njua b 001 0 eng d
035 ## - SYSTEM CONTROL NUMBER
System control number (BD-RjUL)72460
040 ## - CATALOGING SOURCE
Original cataloging agency DLC/ICU
Transcribing agency CGU
Modifying agency WSU
-- IAV
-- SER
-- OCL
-- FPU
-- COU
-- UKM
-- BD-RjUL
Language of cataloging eng
041 ## - LANGUAGE CODE
Language code of text/sound track or separate title eng
082 0# - DEWEY DECIMAL CLASSIFICATION NUMBER
Classification number 543
Edition number 23
Author mark and year WII 1960
100 1# - MAIN ENTRY--PERSONAL NAME
Personal name Willard, Hobart H.
Fuller form of name (Hobart Hurd),
Dates associated with a name 1881-1974.
9 (RLIN) 204793
245 10 - TITLE STATEMENT
Title Instrumental methods of analysis /
Statement of responsibility, etc. Hobart H. Willard, Lynne L. Merritt Jr., and John A. Dean.
250 ## - EDITION STATEMENT
Edition statement 3rd ed.
260 ## - PUBLICATION, DISTRIBUTION, ETC. (IMPRINT)
Place of publication, distribution, etc. Princeton, N.J. :
Name of publisher, distributor, etc. Van Nostrand,
Date of publication, distribution, etc. c1958 [Reprinted 1960]
300 ## - PHYSICAL DESCRIPTION
Pagination 626 p. :
Illustrations ill. ;
Size 24 cm.
504 ## - BIBLIOGRAPHY, ETC. NOTE
Bibliography, etc Includes bibliography and index.
650 #0 - SUBJECT ADDED ENTRY--TOPICAL TERM
Topical term or geographic name as entry element Instrumental analysis.
9 (RLIN) 213622
942 ## - ADDED ENTRY ELEMENTS (KOHA)
Source of classification or shelving scheme Dewey Decimal Classification
Koha item type Books
Holdings
Lost status Source of classification or shelving scheme Damaged status Not for loan Collection code Permanent Location Current Location Shelving location Date acquired Total Checkouts Full call number Date last seen Copy number Koha item type Source of acquisition Cost, normal purchase price
  Dewey Decimal Classification   Not For Loan Non-fiction Central Library, University of Rajshahi Central Library, University of Rajshahi Reading Room 16/05/2017   543 WII 1960 16/05/2017 C-1 Books    
  Dewey Decimal Classification     Non-fiction Central Library, University of Rajshahi Central Library, University of Rajshahi   10/12/1963   543 WII 1960 07/10/2018 C-2 Books Zeitlinger 64.00
  Dewey Decimal Classification     Non-fiction Central Library, University of Rajshahi Central Library, University of Rajshahi   10/12/1963   543 WII 1960 25/10/2018 C-3 Books Zeitlinger 64.00